000 00642nam a22001817a 4500
999 _c61092
_d61092
005 20231219110542.0
008 231219s2000 ru ||||| |||| 00| 0 rus d
020 _a5895220797
041 _arus
080 _a94(38) A-45
100 _aАлабина, Т.
_920778
245 _aГосударство Афинское :
_b(V век до рождества Христова) /
_cТ. Алабина.
264 _aМосква :
_bВузовская книга,
_c2000.
300 _a94 с.:
_bил.;
_c20 см.
653 _aათენის სახელმწიფო
653 _aისტორია
942 _2udc
_cᲬᲘᲒᲜᲘ